000 00430nam a2200157 4500
020 _a9788197943973
082 _aM4
_bSYA/M
100 _aSyamkumar T S
245 _aMythriyude porul:
_bsanathana dharmmathinte vimarsha padangal/
_cby Syamkumar T S
260 _aThiruvananthapuram:
_bChintha,
_c2025.
300 _a200p.
650 _aEssays Malayalam
650 _aLiterature Malayalam
650 _aLiterature
942 _cBK
999 _c181600
_d181600